Triangular Numbers-Sudden death - Statistics

General Stats
  • This quiz has been taken 51 times
    45 since last reset
  • The average score is 9 of 17
Answers on the Grid
Answers color-coded by a green-red scale on the quiz's grid according to % correct below.
1
3
6
10
15
21
36
45
210
120
28
351
55
66
78
91
231
4
24
16
256
140
18
89
11
34
876
1000
100
69
 
Answer Stats
Answer % Correct
91
69%
1
62%
120
62%
15
62%
21
62%
3
62%
78
62%
10
54%
28
54%
36
54%
45
54%
55
54%
6
54%
66
54%
210
23%
231
23%
351
15%
No matching quizzes found
Score Distribution
Percent of People with Each Score
Percentile by Number Answered
Your Score History
You have not taken this quiz since the last reset